AH International Schools' Libraries

The meltdown / (Record no. 49810)

MARC details
000 -LEADER
fixed length control field 00571pam a2200169 i 4500
001 - CONTROL NUMBER
control field 019599642
020 ## - INTERNATIONAL STANDARD BOOK NUMBER
International Standard Book Number 9780241389317 (pbk.) :
100 1# - MAIN ENTRY--PERSONAL NAME
Personal name Kinney, Jeff,
Relator term author.
245 14 - TITLE STATEMENT
Title The meltdown /
Statement of responsibility, etc Jeff Kinney.
260 ## - PUBLICATION, DISTRIBUTION, ETC. (IMPRINT)
Place of publication, distribution, etc UK:
Name of publisher, distributor, etc Puffin Books;
Date of publication, distribution, etc 2020.
300 ## - PHYSICAL DESCRIPTION
Extent 217 pages :
Other physical details illustrations (black and white) ;
Dimensions 20 cm.
490 0# - SERIES STATEMENT
Series statement Diary of a wimpy kid ; Bk.13
500 ## - GENERAL NOTE
General note Originally published: New York: Amulet Books, 2018.
650 ## - SUBJECT ADDED ENTRY--TOPICAL TERM
Topical term or geographic name as entry element Survival. Rivalry between neighborhoods. Friendship.
Form subdivision Fiction.
9 (RLIN) 86943
655 #0 - INDEX TERM--GENRE/FORM
Genre/form data or focus term Humour.
9 (RLIN) 84933
942 ## - ADDED ENTRY ELEMENTS (KOHA)
Source of classification or shelving scheme
Koha item type J FIC BOOKS
Holdings
Withdrawn status Lost status Source of classification or shelving scheme Damaged status Not for loan Collection code Home library Current library Shelving location Date acquired Total Checkouts Full call number Barcode Date last seen Date checked out Price effective from Koha item type
          SECONDARY Asian Hope Secondary Library Asian Hope Secondary Library Junior Fiction 11/24/2025 4 J FIC KIN BK.13 208606 02/24/2026 02/18/2026 11/24/2025 J FIC BOOKS

For any Logos Library related questions please contact Miss Art at swongnarasuk@asianhope.org.

For any Asian Hope Library related questions please contact Miss Raza at graza@asianhope.org.

Powered by Koha